Catálogo
 En Linea

Fundamentos de anestesiología /. (Registro nro. 35853)

Detalles MARC
000 -CABECERA
campo de control de longitud fija 00574nam a2200181 a 4500
001 - NÚMERO DE CONTROL
campo de control 000036362
005 - FECHA Y HORA DE LA ÚLTIMA TRANSACCIÓN
campo de control 20200930075705.0
008 - DATOS DE LONGITUD FIJA--INFORMACIÓN GENERAL
campo de control de longitud fija 120116s1982 mx 000 0 spa d
040 ## - FUENTE DE LA CATALOGACIÓN
Centro catalogador/agencia de origen DO-SdBNP
Lengua de catalogación spa
Centro/agencia transcriptor BNPHU
049 ## - FONDOS LOCALES (OCLC)
Fondos de biblioteca BNPD
100 1# - ENTRADA PRINCIPAL--NOMBRE DE PERSONA
Nombre de persona López Alonso, Guillermo
9 (RLIN) 62549
245 10 - MENCIÓN DE TÍTULO
Título Fundamentos de anestesiología /.
260 ## - PUBLICACIÓN, DISTRIBUCIÓN, ETC.
Lugar de publicación, distribución, etc. México :
Nombre del editor, distribuidor, etc. La prensa Médica Mexicana,
Fecha de publicación, distribución, etc. 1982.
300 ## - DESCRIPCIÓN FÍSICA
Extensión 320 p. :
Otras características físicas il. ;
Dimensiones 29 cm.
500 ## - NOTA GENERAL
Nota general Incluye referencias bibliográficas y notas al pie de la páginas
500 ## - NOTA GENERAL
Nota general 4a reimpresión 1982
500 ## - NOTA GENERAL
Nota general Textos a dos columnas
Existencias
Estado de retiro Estado de pérdida Restricciones de uso No para préstamo Código de colección Localización permanente Ubicación/localización actual Ubicación en estantería Fecha de adquisición Número de inventario Total de préstamos Signatura topográfica completa Código de barras Fecha visto por última vez Precio válido a partir de Tipo de ítem Koha
      Excluido de préstamo Monografías: Libros y Folletos General General En catalogación 16.01.2012 LF1   36363-10 25.06.2020 25.06.2020 No se presta

Con tecnología Koha